|
|
|
|
| LEADER |
00000nam a2200000 i 4500 |
| 001 |
DIGUAZUAY0184 |
| 003 |
NyNyDIG |
| 007 |
cr ||||||||||| |
| 008 |
260119s2023 ec ao ob 000 0 spa d |
| 006 |
m o d |
| 035 |
|
|
|a (OCoLC)1569883721
|
| 040 |
|
|
|a DGITA
|b eng
|e rda
|e pn
|c DGITA
|
| 020 |
|
|
|a 9789942645166
|q eBook
|
| 020 |
|
|
|z 9789942645159
|
| 043 |
|
|
|a s-ec---
|
| 050 |
1 |
4 |
|a LE46.A8 ebook
|
| 245 |
0 |
0 |
|a Facultad de Medicina 20 años /
|c editor, James Pilco Luzuriaga.
|
| 246 |
3 |
|
|a Facultad de Medicina veinte años
|
| 264 |
|
1 |
|a Cuenca, Ecuador :
|b Universidad del Azuay, Casa Editora,
|c [2023]
|
| 300 |
|
|
|a 1 online resource :
|b color illustrations, color photographs.
|
| 336 |
|
|
|a text
|b txt
|2 rdacontent
|
| 337 |
|
|
|a computer
|b c
|2 rdamedia
|
| 338 |
|
|
|a online resource
|b cr
|2 rdacarrier
|
| 347 |
|
|
|a text file
|2 rdaft
|
| 347 |
|
|
|b PDF
|
| 490 |
1 |
|
|a Homo
|
| 504 |
|
|
|a Includes bibliographical references.
|
| 588 |
0 |
|
|a Online resource; title from PDF title page (Digitalia, viewed January 19, 2026)
|
| 610 |
2 |
0 |
|a Universidad del Azuay.
|b Facultad de Medicina
|x History.
|
| 650 |
|
0 |
|a Medical colleges
|z Ecuador
|z Azuay.
|
| 700 |
1 |
|
|a Pilco Luzuriaga, James,
|d 1965-
|e editor.
|
| 791 |
2 |
|
|a Digitalia (Firm),
|e distributor.
|
| 793 |
0 |
|
|g Digitalia eBook Collection:
|a Universidad del Azuay
|
| 776 |
0 |
8 |
|i Print version:
|t Facultad de Medicina 20 años.
|d Cuenca, Ecuador : Universidad del Azuay, Casa Editora, [2023]
|z 9789942645159
|
| 830 |
|
0 |
|a Homo (Universidad del Azuay, Casa Editora)
|
| 856 |
4 |
0 |
|3 Digitalia Hispánica
|u https://www.digitaliapublishing.com/a/133569/
|
| 910 |
|
|
|a Premium collection: 2026
|